<?xml version="1.0" encoding="UTF-8"?>
<collection xmlns="http://www.loc.gov/MARC21/slim">
    <record>
        <controlfield tag="001">7427</controlfield>
        <controlfield tag="005">20190220130406.0</controlfield>
        <datafield tag="037" ind1=" " ind2=" ">
            <subfield code="a">TAZ-TFG-2012-243 </subfield>
        </datafield>
        <datafield tag="041" ind1=" " ind2=" ">
            <subfield code="a">spa</subfield>
        </datafield>
        <datafield tag="100" ind1="1" ind2=" ">
            <subfield code="a">Martín Fañanás, Elena</subfield>
        </datafield>
        <datafield tag="245" ind1="0" ind2="0">
            <subfield code="a">Plan de cuidados de un paciente con ACV hemorrágico</subfield>
        </datafield>
        <datafield tag="260" ind1=" " ind2=" ">
            <subfield code="a">Zaragoza</subfield>
            <subfield code="b">Universidad de Zaragoza</subfield>
            <subfield code="c">2012</subfield>
        </datafield>
        <datafield tag="500" ind1=" " ind2=" ">
            <subfield code="a">Resumen en inglés.</subfield>
        </datafield>
        <datafield tag="506" ind1=" " ind2=" ">
            <subfield code="a">by-nc-sa</subfield>
            <subfield code="b">Creative Commons</subfield>
            <subfield code="c">3.0</subfield>
            <subfield code="u">http://creativecommons.org/licenses/by-nc-sa/3.0/</subfield>
        </datafield>
        <datafield tag="520" ind1=" " ind2=" ">
            <subfield code="a">Este trabajo muestra el modelo de Virginia Henderson como referencia, realizándose un plan de cuidados a partir de las necesidades alteradas de un paciente al que se le ha diagnosticado un Accidente cerebral agudo. Como objetivos se pretende identificar las necesidades actuales del paciente y la familia y establecer un plan de cuidados individualizado, cubriendo y resolviendo sus problemas, constituyendo una estructura que cubra todas sus necesidades. El ACV afecta gravemente a nuestra población y al realizar unos cuidados individualizados en cada situación del paciente, conseguimos no añadir problemas derivados del tratamiento, reduciendo la estancia hospitalaria y el gasto sanitario. This project takes as reference Virginia Henderson’s model, carrying out a care plan starting from the altered needs of a patient who was diagnosed an Acute cerebral accident. The main objective of this project is to identify the present needs of the patient and his/her family and establish an individualized care plan, both covering and solving his/her problems and creating a framework to cover all his/her needs. Our population is seriously affected by CVA and setting up an individualized care plan in each situation of the patient enables us not to add problems derived from treatment and reduce the hospital stay an health spending.</subfield>
        </datafield>
        <datafield tag="521" ind1=" " ind2=" ">
            <subfield code="a">Graduado en Enfermería</subfield>
        </datafield>
        <datafield tag="540" ind1=" " ind2=" ">
            <subfield code="a">Derechos regulados por licencia Creative Commons</subfield>
        </datafield>
        <datafield tag="653" ind1="1" ind2=" ">
            <subfield code="a">accidente cerebrovascular (acv), </subfield>
        </datafield>
        <datafield tag="653" ind1="1" ind2=" ">
            <subfield code="a">necesidades de Virginia Henderson, </subfield>
        </datafield>
        <datafield tag="653" ind1="1" ind2=" ">
            <subfield code="a">proceso de atención de enfermería (pae),</subfield>
        </datafield>
        <datafield tag="653" ind1="1" ind2=" ">
            <subfield code="a">hemorragia parenquimatosa.</subfield>
        </datafield>
        <datafield tag="700" ind1=" " ind2=" ">
            <subfield code="a">Hernández Torres, Antonio</subfield>
            <subfield code="e">dir.</subfield>
        </datafield>
        <datafield tag="710" ind1="2" ind2=" ">
            <subfield code="a">Universidad de Zaragoza</subfield>
            <subfield code="b"> </subfield>
            <subfield code="c"></subfield>
        </datafield>
        <datafield tag="856" ind1="0" ind2=" ">
            <subfield code="f">403674@celes.unizar.es</subfield>
        </datafield>
        <datafield tag="856" ind1="4" ind2=" ">
            <subfield code="s">140815</subfield>
            <subfield code="u">http://zaguan.unizar.es/record/7427/files/TAZ-TFG-2012-243.pdf</subfield>
            <subfield code="y">Memoria (spa)</subfield>
        </datafield>
        <datafield tag="909" ind1="C" ind2="O">
            <subfield code="o">oai:zaguan.unizar.es:7427</subfield>
            <subfield code="p">driver</subfield>
            <subfield code="p">trabajos-fin-grado</subfield>
        </datafield>
        <datafield tag="950" ind1=" " ind2=" ">
            <subfield code="a"></subfield>
        </datafield>
        <datafield tag="980" ind1=" " ind2=" ">
            <subfield code="a">TAZ</subfield>
            <subfield code="b">TFG</subfield>
            <subfield code="c">ENFTER</subfield>
        </datafield>
    </record>

    
</collection>